000 00632nam a2200229Ia 4500
003 OSt
005 20221007074911.0
006 a|||||r|||| 00| 0
007 ta
008 221006b |||||||| |||| 00| 0 eng d
020 _cRs. 120/-
024 _a7,748
037 _cTextual
040 _aFLL
_cFLL
_beng
041 _2eng
_aeng
082 _aa494(SZ).2.N81, M4
245 0 _aBibliography of doctorl dissertations 1980-81
260 _aNew Delhi
_bAssociation of Indian Universities India
_c1984
300 _axxxiii,400p
_ccm.
942 _ha494(SZ).2.N81, M4
_cTEXL
_2CC
999 _c1154085
_d1154085